| 000 | 00439nam a2200145 a 4500 | ||
|---|---|---|---|
| 001 | 000038395 | ||
| 005 | 20201002031239.0 | ||
| 008 | 130410s2008 xxu 000 0 spa d | ||
| 020 | _a9789264040816 | ||
| 040 |
_aDO-SdBNP _bspa _cBNPHU |
||
| 245 | 0 | 0 |
_aReviews of national policies for education : _bDominican Repúblic. |
| 260 |
_aEE. UU. : _bOECD, _c2008. |
||
| 300 | _a272 P. | ||
| 500 | _aIncluye referencias y notas al pie de las páginas | ||
| 999 |
_c37885 _d37885 |
||